Statistics for Cities of China (with a tiny bit of help)

Click here to take the quiz!

General Stats

  • This quiz has been taken 51 times
  • The average score is 42 of 100

Answer Stats

pop
million
city% Correct
47.70Guang{zhou}
100%
21.10Bei{jing}
98%
30.90Shang{hai}
98%
11.40Tian{jin}
93%
7.25Hong {Kong}
88%
8.00Wu{han}
88%
10.00Xia{men}
88%
9.60Cheng{du}
85%
8.30Hang{zhou}
85%
6.65Xi'{an}
85%
6.85Nan{jing}
83%
7.05Chong{qing}
80%
5.70Qing{dao}
78%
5.15Har{bin}
75%
5.90Wen{zhou}
70%
4.50Da{lian}
68%
3.63Ürüm{qi}
68%
4.45Chang{sha}
65%
4.55He{fei}
65%
4.68Zheng{zhou}
65%
3.93Fu{zhou}
63%
3.95Kun{ming}
63%
3.35Ning{bo}
63%
7.65Shen{yang}
63%
2.85Lan{zhou}
60%
3.28Wu{xi}
60%
3.95Ji{nan}
58%
7.95Shan{tou}
58%
4.20Tai{yuan}
58%
2.10Ci{xi}
55%
2.68Chang{zhou}
53%
3.85Shijia{zhuang}
53%
2.80Hui{zhou}
50%
3.68Nan{chang}
50%
3.20Nan{ning}
50%
2.55Xu{zhou}
50%
3.33Zi{bo}
50%
3.70Chang{chun}
48%
1.78Hoh{hot}
48%
1.96Luo{yang}
48%
2.88Gui{yang}
45%
2.08Tai{zhou}
45%
1.78Yang{zhou}
45%
2.50An{shan}
43%
1.88Huai'{an}
40%
1.92Liu{zhou}
40%
2.45Tang{shan}
40%
2.15Bao{tou}
38%
1.80Hai{kou}
38%
1.06Qiqi{har}
38%
1.61Bao{ding}
35%
1.55Zhu{hai}
35%
1.72Lin{yi}
33%
2.10Yan{tai}
33%
1.76Huai{nan}
30%
1.95Nan{tong}
30%
1.23Tai'{an}
30%
1.60Wei{fang}
30%
1.19Zhangjia{kou}
30%
1.03Bao{ji}
28%
1.36Pu{tian}
28%
1.11Qinhuang{dao}
28%
1.02Wan{zhou}
28%
1.31Wu{hu}
28%
1.52Da{tong}
25%
1.20Gui{lin}
25%
2.68Jiang{yin}
25%
1.51Ji{lin}
25%
1.05Kai{feng}
23%
1.57Yi{wu}
23%
1.09Zhu{zhou}
23%
1.16Beng{bu}
20%
1.08Ben{xi}
20%
1.71Heng{yang}
20%
1.08Lianyun{gang}
20%
1.06Ri{zhao}
20%
1.13Zun{yi}
20%
1.56Da{qing}
18%
1.32Huai{bei}
18%
1.13Ma'an{shan}
18%
1.09Mao{ming}
18%
1.53Yin{chuan}
18%
1.03Chi{feng}
15%
1.36Han{dan}
15%
1.37Jiao{zuo}
15%
1.04Jin{zhou}
15%
1.04Nan{chong}
15%
1.56Xiang{yang}
15%
1.12Chang{shu}
13%
1.17Mian{yang}
13%
1.34Xiang{tan}
13%
1.30Xin{xiang}
13%
1.15Yi{chang}
13%
1.16Zhan{jiang}
13%
1.06Zhen{jiang}
13%
1.02Nan{yang}
10%
1.15Qing{yuan}
10%
1.31Xing{tai}
10%
1.33Xi{ning}
10%
1.25Yan{cheng}
10%

Score Distribution

Percentile by Number Answered

Percent of People with Each Score

Your Score History

You have not taken this quiz